000 00487nam a2200157 i 4500
001 34169
003 ES-MaACL
005 20230906154903.0
007 t|
008 030204s1966 sp ||||1| spa d
100 1 _aBlanco Sampedro, Florentino.
_929291
245 1 4 _aLas últimas rosas
_b: (en el jardín de la Soria mía) /
_cFlorentino Blanco Sampedro.
260 _aSoria :
_b[s.n.,
_c1966] (
_fImprenta Morales)
300 _a184 p. ;
_c20 cm.
852 _aES-MaACL
_jC-30801
_bR.60581
999 _c34169
_d34169